Startup jako princip podnikání jak dosáhnout dlouhodobého růstu v moderní firmě
Guardado en:
| Autor principal: | |
|---|---|
| Otros Autores: | |
| Formato: | Libro |
| Lenguaje: | checo |
| Publicado: |
Praha
Management Press/Albatros Media
2019
|
| Edición: | 1. vydání |
| Materias: | |
| Etiquetas: |
Sin Etiquetas, Sea el primero en etiquetar este registro!
|
MARC
| LEADER | 00000nam a2200000 4500 | ||
|---|---|---|---|
| 001 | 0281681 | ||
| 005 | 20240416113824.7 | ||
| 020 | |a 978-80-7261-573-5 | ||
| 041 | 0 | |a cze | |
| 044 | |a CZ | ||
| 245 | 1 | 0 | |a Startup jako princip podnikání |b jak dosáhnout dlouhodobého růstu v moderní firmě |c Eric Ries ; překlad: Petr Somogyi |
| 250 | |a 1. vydání | ||
| 264 | 1 | |a Praha |b Management Press/Albatros Media |c 2019 | |
| 300 | |a 360 s. | ||
| 610 | 2 | 0 | |a start-up |
| 610 | 2 | 0 | |a podnikanie |
| 610 | 2 | 0 | |a formy podnikov |
| 610 | 2 | 0 | |a rast hospodársky |
| 610 | 2 | 0 | |a inovácia |
| 610 | 2 | 0 | |a riadenie podnikové |
| 610 | 2 | 0 | |a manažment inovačný |
| 610 | 2 | 0 | |a transformácia podniku |
| 100 | 1 | |a Ries, Eric | |
| 700 | 1 | |a Somogyi, Petr | |